000 01083nam a2200241 a 4500
003 BD-DhJNU
005 20260422033552.0
008 260508s2014 bg |||g |||| 000 1|ben|d
020 _a9788180197326
040 _aBD-DhJNU
_bben
_cBD-DhJNU
_dBD-DhJNU
041 _aben
082 _a792.0954 CHB
_223
100 _aচক্রবর্তী, আলোক
245 1 0 _aবাংলা থিয়েটারের জনক রুশ বন্ধু লিয়েবেদেফ/
_cআলোক চক্রবর্তী
246 _aBangla Theatre-er Jonok Rush Bandhu Lebedeff
250 _a1st ed.
260 _aঢাকা :
_bঅভিযান পাব্লিশার্স,
_c2014.
300 _a১৯০ পৃ. :
_bচিত্র ;
_c২২ সেমি.।
504 _aগ্রন্থপঞ্জিগত নির্দেশিকা ও নিঘন্ট অন্তভূক্ত
650 _aথিয়েটার -- ভারত -- পশ্চিমবঙ্গ
650 _Theater -- India -- West Bengal
942 _cBK
999 _c2699
_d2699